000 01460nam a2200349 i 4500
001 193729
003 ES-MaACL
005 20240209063132.0
007 ta
008 240207s1911||||fr a fre 000 0 fre d
035 _a(OCoLC)459347481
035 _aSU038100010001P
035 _a106235710
040 _aABES
_bfre
_eAFNOR
_cES-MaACL
100 1 _aDuez, Georges,
_d18..-....
_9235098
245 1 0 _aExploitation d'une usine centrale /
_cpar M. Georges Duez,....
264 1 _aParis :
_bLibrairie des Sciences et de l'Industrie :
_bL. Geisler, imprimeur-éditeur,
_c1911.
300 _a82 páginas :
_bIlustraciones, figuras ;
_c25 cm.
336 _btxt
_2rdacontent
_atexto
337 _bn
_2rdamedia
_asin mediación
337 _bn
_2isbdmedia
_asin mediación
338 _bnga
_2RDAfrCarrier
_avolumen
490 1 _aEncyclopédie électrotechnique ;
_v40e Fascicule
650 4 _aCentrales eléctricas
_2ram
_910882
760 0 _tEncyclopédie électrotechnique / par un comité d'Ingénieurs spécialistes / M. F. Loppé,...
_dParis : L. Geisler, 1907?-1918
_h54 fasc.
_g40
_w(ABES)139541152
830 _9235039
_aEncyclopédie électrotechnique
_v40
852 _aES-MaACL
_bR.M.8250
_cSVI
_jD-8704
_fSello en tinta en portada: "Ateneo de Madrid. Biblioteca"
_9201263
886 2 _2unimarc
_a181
_ai#
_bxxxe##
942 _n0
_cMONOGRAFIA
999 _c193729
_d193729